Letné študentské brigády a povinnosti podľa Zákonníka práce

Zákazy a obmedzenia zamestnávania mladistvých. Špecifiká zamestnávania mladistvých. Dohoda o brigádnickej práci študentov.

Salvato in:
Dettagli Bibliografici
Autore principale: Dobšovič, Dušan
Natura: Capitolo di libro
Lingua:slovacco
Soggetti:
Tags: Aggiungi Tag
Nessun Tag, puoi essere il primo ad aggiungerne!!

MARC

LEADER 00000naa a2200000 4500
001 0234157
005 20170703094638.4
041 0 |a slo 
044 |a SK 
245 1 0 |a Letné študentské brigády a povinnosti podľa Zákonníka práce  |c Dušan Dobšovič 
520 |a Zákazy a obmedzenia zamestnávania mladistvých. Špecifiká zamestnávania mladistvých. Dohoda o brigádnickej práci študentov. 
610 2 0 |a zamestnanie 
610 2 0 |a mladiství 
610 2 0 |a práca mladistvých 
610 2 0 |a študenti 
610 2 0 |a dohody o vykonaní práce 
610 2 0 |a úpravy právne 
100 1 |a Dobšovič, Dušan